000 00289nam a22001337a 4500
008 171202b xxu||||| |||| 00| 0 eng d
020 _a9780812993257
041 _aeng
080 _a32
100 _a18
101 _aSHP
245 _aTHE ROAD OF CHARACTER
_cBROOKS, D
942 _2udc
_cBK
999 _c38749
_d38749